Statistics for World Capitals Closest to Doha - 30 Second Sprint

Click here to take the quiz!

General Stats

  • This quiz has been taken 16 times
  • The average score is 11 of 20

Answer Stats

kmcapitalmiles% Correct
575Kuwait City357
100%
1131Baghdad783
93%
140Manama87
86%
722Muscat449
86%
492Riyadh306
86%
1158Tehran720
86%
1693Amman1052
79%
1343Sana'a835
79%
302Abu Dhabi188
71%
1734Damascus1078
71%
1748Jerusalem1086
57%
1818Beirut1130
50%
1686Baku1048
29%
1989Kabul1236
21%
1783Yerevan1108
21%
1718Asmara1068
14%
1930Tbilisi1199
14%
1764Djibouti1096
7%
1549Ashgabat963
0%
2059Nicosia1279
0%

Score Distribution

Percentile by Number Answered

Percent of People with Each Score

Your Score History

You have not taken this quiz